Les 20 centrales électriques les plus productrices au monde - Statistiques

Statistiques générales
  • Ce quiz a été pris 8 fois
  • Le résultat moyen est 2 sur 20
Statistiques - réponses
Nom de la centrale Type de production Production annuelle (TWh) Pays % Correct
10 Gravelines Nucléaire 38 France
75%
1 Barrage des Trois Gorges Hydroélectrique 112 Chine
50%
2 Barrage d'Itaipu Hydroélectrique 103 Brésil
25%
8 Barrage de Belo Monte Hydroélectrique 39 Brésil
0%
16 Barrage de Grande Coulée Hydroélectrique 20 Etats-Unis
0%
4 Barrage de Guri Hydroélectrique 47 Venezuela
0%
17 Barrage de Longtan Hydroélectrique 18 Chine
0%
15 Barrage de Sayano-Chouchenskaïa Hydroélectrique 24 Russie
0%
5 Barrage de Tucurui Hydroélectrique 42 Brésil
0%
13 Barrage de Xiangjiaba Hydroélectrique 30 Chine
0%
3 Barrage de Xiluodu Hydroélectrique 57 Chine
0%
18 Bhadla Solar Park Solaire 8 Inde
0%
9 Bruce Nucléaire 38 Canada
0%
11 Hanul Nucléaire 35 Corée du Sud
0%
7 Kashiwazaki-Kariwa Nucléaire 40 Japon
0%
20 Noor Ouarzazate Solaire 1 Maroc
0%
14 Taean Thermique 30 Corée du Sud
0%
6 Taichung Power Plant Thermique 42 Taïwan
0%
19 Tengger Desert Solar Park Solaire 3,4 Chine
0%
12 Zaporizhzhia Nucléaire 33 Ukraine
0%
Aucun quiz correspondant
Distribution des résultats
% des personnes avec chaque résultat
Percentile par nombre de réponses
Votre historique - résultats
Vous n’avez pas pris ce quiz